| 000 | 00907nam a22002537a 4500 | ||
|---|---|---|---|
| 003 | OSt | ||
| 005 | 20260324121759.0 | ||
| 008 | 260324b |||||||| |||| 00| 0 eng d | ||
| 010 | _a2009001345 | ||
| 020 | _a9780385737944 (hardcover) | ||
| 040 | _cDelacorte press | ||
| 050 |
_aPZ 7 .D2587 2009 _b .D2587 2009 |
||
| 100 | _aDashner, James | ||
| 245 |
_aThe Maze Runner/ _cDashner, James |
||
| 250 | _a1st edition | ||
| 260 |
_aNew York: _bDelacorte Press, _c2009 |
||
| 300 |
_a375 pages, _bhardcover, includes bibliographic references and index, _cill.:col. ; 20.9 cm |
||
| 490 | _aMaze Runner series ; bk. 1 ISBN: | ||
| 505 |
_rDashner, James _tThe Maze Runner |
||
| 520 | _aSixteen-year-old Thomas wakes up with no memory in a mysterious maze and must work with other boys to find a way out. | ||
| 546 | _aEnglish | ||
| 655 | _aYoung adult fiction ; Science fiction | ||
| 942 |
_2lcc _cBK _e1st ed _n0 |
||
| 999 |
_c9996 _d9996 |
||